Подробности
| 000 -МАРКЕР |
| контрольное поле |
01402nam0a2200301 4500 |
| 001 - ИДЕНТИФИКАТОР ЗАПИСИ |
| контрольное поле |
RU\NLR\bibl\132 |
| 005 - ИДЕНТИФИКАТОР ВЕРСИИ |
| контрольное поле |
20260406213027.0 |
| 010 ## - МЕЖДУНАРОДНЫЙ СТАНДАРТНЫЙ НОМЕР КНИГИ (ISBN) |
| Номер (ISBN) |
5-7511-0849-3 |
| Тираж |
500 |
| 021 ## - НОМЕР ГОСУДАРСТВЕННОЙ РЕГИСТРАЦИИ |
| Код страны |
российская федерация |
| Номер |
97-25254 |
| Номер Листа государственной регистраци |
1040 |
| 035 ## - ДРУГИЕ СИСТЕМНЫЕ НОМЕРА |
| Идентификатор записи |
(NLR Aleph) 000000121 |
| 100 ## - ДАННЫЕ ОБЩЕЙ ОБРАБОТКИ |
| Данные общей обработки |
19980202d1996 |||y0rusy50 ca |
| 101 0# - ЯЗЫК РЕСУРСА |
| Язык текста, звукозаписи и т.д. |
русский |
| 102 ## - СТРАНА ПУБЛИКАЦИИ ИЛИ ПРОИЗВОДСТВА |
| Страна публикации |
российская федерация |
| 105 ## - ПОЛЕ КОДИРОВАННЫХ ДАННЫХ: ТЕКСТОВЫЕ МАТЕРИАЛЫ, МОНОГРАФИЧЕСКИЕ |
| Кодированные данные о монографическом текстовом документе |
c ||||||||| |
| 200 1# - ЗАГЛАВИЕ И СВЕДЕНИЯ ОБ ОТВЕТСТВЕННОСТИ |
| Основное заглавие |
Актовая речь на Чтениях, посвященных 100-летию со дня рождения Д.Д. Яблокова, г. Томск, 13 нояб. 1996 г. |
| Первые сведения об ответственности |
Р.С. Карпов |
| 210 ## - ПУБЛИКАЦИЯ, РАСПРОСТРАНЕНИЕ И ДР. |
| Место издания, распространения и т.д. |
Томск |
| Имя издателя, распространителя и т. д. |
Изд-во ТГУ |
| Дата издания, распространения и т.д. |
1996 |
| 215 ## - ФИЗИЧЕСКАЯ ХАРАКТЕРИСТИКА |
| Специфическое обозначение материала и объем |
21 с. |
| Другие сведения о физической характеристике |
портр. |
| Размеры |
20 |
| 600 #1 - ИМЯ ЛИЦА КАК ПРЕДМЕТ |
| Начальный элемент ввода |
Яблоков |
| Часть имени, кроме начального элемента ввода |
Д.Д. |
| Даты |
1896 - 1993 |
| Расширение инициалов личного имени |
Дмитрий Дмитриевич |
| Системный номер авторитетной/нормативной записи |
2030808 |
| Идентификатор авторитетной/нормативной записи |
RU\NLR\auth\661219783 |
| 686 ## - ИНДЕКСЫ ДРУГИХ КЛАССИФИКАЦИЙ |
| Индекс |
Р.г(2)7д Яблоков |
| 700 #1 - ИМЯ ЛИЦА - ПЕРВИЧНАЯ ОТВЕТСТВЕННОСТЬ |
| Код отношения |
Автор |
| Материалы, к которым относится поле |
rus |
| Графика поля |
Кириллица |
| Начальный элемент ввода |
Карпов |
| Часть имени, кроме начального элемента ввода |
Р.С. |
| Дополнения к именам, кроме дат |
д-р мед. наук |
| Даты |
1937- |
| Расширение инициалов личного имени |
Ростислав Сергеевич |
| Идентификатор авторитетной/нормативной записи |
RU\NLR\auth\77339 |
| Системный номер авторитетной/нормативной записи |
110394 |
| 702 #1 - ИМЯ ЛИЦА - ВТОРИЧНАЯ ОТВЕТСТВЕННОСТЬ |
| Код отношения |
Прочие |
| Материалы, к которым относится поле |
rus |
| Графика поля |
Кириллица |
| Начальный элемент ввода |
Яблоков |
| Часть имени, кроме начального элемента ввода |
Д.Д. |
| Даты |
1896-1993 |
| Расширение инициалов личного имени |
Дмитрий Дмитриевич |
| Идентификатор авторитетной/нормативной записи |
RU\NLR\auth\77517 |
| Системный номер авторитетной/нормативной записи |
110566 |
| 712 12 - НАИМЕНОВАНИЕ ОРГАНИЗАЦИИ - ВТОРИЧНАЯ ОТВЕТСТВЕННОСТЬ |
| Начальный элемент ввода |
Чтения, посвященные 100-летию со дня рождения Д.Д. Яблокова |
| Дата проведения временной организации |
1996 |
| Место проведения временной организации |
Томск |
| Идентификатор авторитетной/нормативной записи |
RU\NLR\AUTH\889970711 |
| Системный номер авторитетной/нормативной записи |
437810 |
| 801 #0 - ИСТОЧНИК ЗАПИСИ |
| Страна |
российская федерация |
| Организация |
NLR |
| Дата составления |
19980202 |
| Правила каталогизации |
PSBO |
| 801 #1 - ИСТОЧНИК ЗАПИСИ |
| Страна |
российская федерация |
| Организация |
NLR |
| Дата составления |
19980202 |
| 852 ## - МЕСТОНАХОЖДЕНИЕ И ШИФР ХРАНЕНИЯ |
| Идентификатор организации |
NLR |
| Шифр хранения (Call Number) |
97-4/13764 |
| 942 ## - ДОПОЛНИТЕЛЬНЫЕ ЭЛЕМЕНТЫ ЗАПИСИ (АБИС) |
| Тип экземпляра АБИС |
Книга |
| 980 ## - КОЛЛЕКЦИЯ |
| Название коллекции |
Национальная библиография |